| 000 | 00665nam a22002057a 4500 | ||
|---|---|---|---|
| 999 |
_c12948 _d12948 |
||
| 003 | AR-CdUCM | ||
| 008 | 190410b ||||| |||| 00| 0 spa d | ||
| 040 |
_aMUNICIPALIDAD PROVINCIAL DEL CUSCO _cBIBLIOTECA MUNICIPAL DEL CUSCO |
||
| 082 |
_a869.56 / _bA35 |
||
| 100 |
_aAlcázar Castilla, Luis _931085 |
||
| 245 |
_aEra una maestra rural : _b(Novela costumbrista) / |
||
| 260 |
_aCusco _bkopy graf, _c2010. |
||
| 300 | _a152 páginas ; | ||
| 505 | _aContenido : Prologo -- Capítulos -- I -- II -- III -- IV -- V ... | ||
| 650 |
_aLiteratura _983 |
||
| 650 |
_aCusqueña _928622 |
||
| 650 |
_aPeruana _925277 |
||
| 942 |
_2ddc _cLIBROS |
||
| 945 |
_arah _d10/04/2019 |
||